| 000 | 02064nam a2200193Ii 4500 | ||
|---|---|---|---|
| 008 | 221202s xx 000 0 und d | ||
| 100 | 1 |
_aJones, Barry, _eauthor |
|
| 245 | 0 |
_aDictionary of World Biography : _b Second edition |
|
| 264 |
_bANU Press _c2015 |
||
| 300 | _a1 online resource | ||
| 336 |
_atext _btxt _2rdacontent |
||
| 337 |
_acomputer _bc _2rdamedia |
||
| 338 |
_aonline resource _bcr _2rdacarrier |
||
| 520 | _aJones, Barry Owen (1932- ). Australian politician, writer and lawyer, born in Geelong. Educated at Melbourne University, he was a public servant, high school teacher, television and radio performer, university lecturer and lawyer before serving as a Labor MP in the Victorian Parliament 1972-77 and the Australian House of Representatives 1977-98. He took a leading role in reviving the Australian film industry, abolishing the death penalty in Australia, and was the first politician to raise public awareness of global warming, the 'post-industrial' society, the IT revolution, biotechnology, the rise of 'the Third Age' and the need to preserve Antarctica as a wilderness. In the Hawke Government, he was Minister for Science 1983-90, Prices and Consumer Affairs 1987, Small Business 1987-90 and Customs 1988-90. He became a member of the Executive Board of UNESCO, Paris 1991-95 and National President of the Australian Labor Party 1992-2000, 2005-06. He was Deputy Chairman of the Constitutional Convention 1998. His books include Decades of Decision 1860- (1965), Joseph II (1968), Age of Apocalypse (1975), and he edited The Penalty is Death (1968). Sleepers, Wake!: Technology and the Future of Work was published by Oxford University Press in 1982, became a bestseller and has been translated into Chinese, Japanese, Korean, Swedish and braille. The fourth edition was published in 1995. | ||
| 653 | _aBiography | ||
| 653 | _aDictionary | ||
| 856 |
_uhttps://docs.google.com/spreadsheets/d/1yKIrdCPDAG_9c22mwoOIO2DOhtj65Wqa/edit?usp=sharing&ouid=106555315294820607512&rtpof=true&sd=true _yList of Curated E-Books |
||
| 942 | _cE-BOOK | ||
| 999 |
_c92868 _d92865 |
||